LEADER 01066nam a2200277 u 4500 001 000000089496 003 CaOOAMICUS 005 20070226124625.0 008 051121s1969 it u000 u ita u 035 $a11069816 040 $aPUL(R)$bita 041 1 $aita$hfre 100 1 $aEvely, Louis.$0(OLS)http://pul/name/40856 240 10$aSpiritualité des la&TRics.$lItaliano.$0(OLS)http://pul/title/115568 245 10$aSpiritualità dei laici /$cLouis Evely. 250 $a4. ed. 260 $aAssisi :$bCittadella,$cstampa 1969. 300 $a158 p. ;$c19 cm 490 1 $aSpiritualità del nostro tempo 650 4$aSpiritualità.$0(OLS)http://pul/subject/843 830 0$aSpiritualità del nostro tempo.$0(OLS)http://pul/title/79153 850 $aPUL 852 $aPUL$W1$xDP1 Fondo Pastorale$y55$mP13 A 21$j113130$nBK-PRI$b $qFondi$B113130$CPULBib$Z2$F113130 $HPUL2295 $81 941 1 $a1 996 $6245$aSpiritualità dei laici$9(OLS)http://pul/title/115569 996 $6260$aAssisi :$bCittadella$9(OLS)http://pul/publisher/49668 LEADER 01421nam a2200289 u 4500 001 000000058812 003 CaOOAMICUS 005 20070226120731.0 008 010613s1927 it u000 u ita u 035 $a10892543 040 $aPUL(R)$bita 041 1 $aita$hger 100 1 $aNietzsche, Friedrich Wilhelm,$d1844-1900.$0(OLS)http://pul/name/664 240 10$aWille zu Macht : Versuch einer Umwerthung aller Werthe.$lItaliano.$0(OLS)http://pul/title/77523 245 13$aLa volontà di potenza :$bsaggio di una trasmutazione di tutti i valori /$cFederico Nietzsche ; introduzione e appendice di Elisabetta Foerster-Nietzsche ; traduzione di Angelo Treves. 260 $aMilano :$bMonanni,$cstampa 1927. 300 $a459 p. ;$c22 cm 490 1 $aOpere complete di Federico Nietzsche ;$v9 500 $aSul front.: "Prima edizione italiana autorizzata". 700 1 $aTreves, Angelo.$0(OLS)http://pul/name/24905 700 1 $aFoerster-Nietzsche, Elisabeth,$d1846-1935.$0(OLS)http://pul/name/2240 830 0$aOpere complete di Federico Nietzsche ;$v9.$0(OLS)http://pul/title/42715 850 $aPUL 852 $aPUL$W1$xDP2 Filosofia 1$y62$m86 B 21$j76786$nBK-PRI$b $qStampati$B76786$CPULBib$Z2$F76786 $81 941 1 $a8 996 $6245$aLa volontà di potenza :$bsaggio di una trasmutazione di tutti i valori$9(OLS)http://pul/title/78803 996 $6260$aMilano :$bMonanni$9(OLS)http://pul/publisher/53595